Capitales du monde les plus célèbres - Statistiques

Statistiques générales
  • Ce quiz a été pris 400 fois
  • Le résultat moyen est 15 sur 21
Statistiques - réponses
% capitale % Correct
96 Paris
100%
90 Londres
93%
94 Madrid
93%
93 Rome
92%
85 Washington
92%
96 Berlin
91%
88 Moscou
87%
85 Tokyo
86%
84 Pékin
83%
89 Lisbonne
79%
91 Bruxelles
75%
81 Mexico
72%
84 Amsterdam
64%
86 Dublin
63%
88 Athènes
56%
84 Oslo
56%
87 Vienne
53%
87 Luxembourg
40%
86 Monaco
36%
81 Budapest
31%
82 Vatican
28%
Aucun quiz correspondant
Distribution des résultats
% des personnes avec chaque résultat
Percentile par nombre de réponses
Votre historique - résultats
Vous n’avez pas pris ce quiz